000 00510nam a2200205Ia 4500
005 20250923144727.0
008 008 250917s9999 xx 000 0 eng d
037 _aTextual
040 _aDSWL
_beng
_cDSWL
041 _aeng
_2eng
084 _qDSWL
100 _aCoatman, J.
_9827795
245 0 _aIndia in 1926-27
_cby J. Coatman
260 _aCalcutta
_b Art Press
_c1926
300 _axvi,377p.
365 _aINR
_b10
925 _g10
942 _cTEXL
999 _c1442557
_d1442557